1815 1667 1290 1717 1703 1917 1512 1240 1856 1219 1370 1301 1918 1884 1018 1052 1383 1355 1680 1294 1425 1545 1166 1714 1287 1387 1744 1333 1572 1995 1930 1423 1767 1986 1850 1831 1490 1212 1159 1679 1860 1103 1755 1264 1653 1916 1305 1895 1117 1518 1159 1242 1723 1307 1381 1328 1052 1844 1869 1132 1365 1104 1388 1742 1880 1472 1608 1690 1168 1213 1983 1789 1974 1842 1740 1364 1022 1776 1468 1916 1777 1387 1101 1717 1073 1819 1472 1090 1239 1287 1907 1083 1120 1340 1376 1937 1643 1539 1400 BCNSPRNW ULIB Ver.6.0+V

เปลี่ยนเป็นภาษาไทย

Change to English
 แสดงรายละเอียดบรรณานุกรม
  กลับหน้าหลัก

Brief Record : Get Marc (ISO 2709) : E-mail record : QR code < ปิดหน้าต่าง
LEADER : 00000nam 2200000uu 4500
001    13399115096
003     ULIB
008    120709s2551||||th 000 0 tha d
020    ^a9789741002368
090    ^aนว.^bจ575 2551
100 0  ^aเจ้าหญิงผู้เลอโฉม
245 00 ^aจอมเวทที่รักพิทักษ์ใจยัยจอมซ่าส์/^cเจ้าหญิงผู้เลอโฉม
250    ^aพิมพ์ครั้งที่ 1
260    ^aกรุงเทพฯ :^bแจ่มใส,^c2551
300    ^a226 หน้า
710 1  ^aแจ่มใส
945    ^p0^l0^i15326
995    ^aกัณชพร
999    ^aใช้งานได้ทุกระบบ
รายการนี้ยังไม่มีแท็ก
คุณยังไม่ได้ล็อกอิน คุณสามารถมีกิจกรรมร่วมกับเว็บไซต์ได้ แต่ต้องล็อกอินก่อน ::
  ล็อกอิน

รายการสื่อสารสนเทศ

ลำดับที่ ประเภท เลขเรียก/บาร์โค้ด สถานที่ สถานะ
1. นวนิยาย
นวนิยาย
นว. จ575 2551  
  Barcode: 15326
ห้องสมุดวิทยาเขตสวรรค์ประชารักษ์
►นวนิยาย
บนชั้น
  ขอยืม

รายการใกล้เคียง
    ผู้แต่ง [เจ้าหญิงผู้เลอโฉม]

BibComment


ยังไม่เคยถูกคอมเมนท์

คอมเมนท์ทรัพยากรรายการนี้
  คอมเมนท์: จอมเวทที่รักพิทั..


 Copyright 2026. Bcnsprnw @Library